000 00724nam a2200169 i 4500
001 40023
003 ES-MaACL
005 20250819063036.0
007 t|
008 030304s1919 mx ||||1| spa d
100 1 _aCarranza, Venustiano,
_d1859-1920
_935508
245 1 0 _aInforme del C. Presidente de la República C. Venustiano Carranza, al H. Congreso de la Unión, manifestando las causas que determinaron su convocatoria a sesiones extraordinarias el primero de mayo de 1919 y contestación del C. Presidente del H. Congreso de la Unión.
260 _aMéxico :
_bImprenta de la Secretaría de Gobernación,
_c1919.
300 _a20 p. ;
_c21 cm.
852 _aES-MaACL
_j1598-F-21
999 _c40023
_d40023